| 000 | 00393nam a22001457a 4500 | ||
|---|---|---|---|
| 003 | macl | ||
| 005 | 20190704153631.0 | ||
| 008 | 190704b xxu||||| |||| 00| 0 eng d | ||
| 040 | _cmacl | ||
| 100 |
_akatariya vinod and chawla rajiv _975791 |
||
| 245 | _aAn Introduction to India's States and National Park | ||
| 260 |
_aDelhi _bSanjay Pra _c2018 |
||
| 650 |
_azoology _975792 |
||
| 942 |
_2ddc _cBK |
||
| 999 |
_c60429 _d60429 |
||